000 00636nam a2200193 i 4500
001 86970
003 ES-MaACL
005 20230906175549.0
007 t|
008 041217s1924 fr ||||1| fre d
100 1 _aKonopnicka, Marie.
_968562
245 1 4 _aLes mésaventures du Savant Baliverne /
_cMarie Konopnicka ; traduit en français par Halina Osuchowska et Rosa Bailly.
260 _aParis :
_b[s.n.,
_c1924] (
_eRennes :
_fFr. Simon)
300 _a16 p. ;
_c21 cm.
500 _aExtarit de " Mariette et les gnomes"
700 1 _aOsuchowska, Halina.
_987834
700 1 _aBailly, Rosa.
_924720
852 _aES-MaACL
_j1734-F-6
999 _c86970
_d86970